Pracovná doba, migréna a vnímaná pracovná záťaž
Problematika pracovnej doby. Problémy vytvorené v prostredí postindustriálnej éry podnikania, kde informačné technológie umožňujú prácu z domu, pričom kolidujú domácnosť a práca a zamestnanci vnímajú vyššiu záťaž. Výskum dotazníkovým prieskumom. Identifikácia a vysvetlenie významných súvislostí prac...
Salvato in:
| Autore principale: | |
|---|---|
| Natura: | Capitolo di libro |
| Lingua: | slovacco |
| Soggetti: | |
| Tags: |
Nessun Tag, puoi essere il primo ad aggiungerne!!
|
MARC
| LEADER | 00000nla a2200000 4500 | ||
|---|---|---|---|
| 001 | 0195653 | ||
| 005 | 20240502073303.0 | ||
| 041 | 0 | |a slo | |
| 044 | |a SK | ||
| 245 | 1 | 0 | |a Pracovná doba, migréna a vnímaná pracovná záťaž |c Branislav Zagoršek |
| 520 | |a Problematika pracovnej doby. Problémy vytvorené v prostredí postindustriálnej éry podnikania, kde informačné technológie umožňujú prácu z domu, pričom kolidujú domácnosť a práca a zamestnanci vnímajú vyššiu záťaž. Výskum dotazníkovým prieskumom. Identifikácia a vysvetlenie významných súvislostí pracovnej doby, migrén a pracovnej záťaže. | ||
| 610 | 2 | 0 | |a doba pracovná |
| 610 | 2 | 0 | |a práca z domu |
| 610 | 2 | 0 | |a zdravie |
| 610 | 2 | 0 | |a pracovníci |
| 610 | 2 | 0 | |a stresy |
| 610 | 2 | 0 | |a čas pracovný |
| 610 | 2 | 0 | |a čas pracovný pohyblivý |
| 610 | 2 | 0 | |a dotazníky |
| 100 | 1 | |a Zagoršek, Branislav, 1984- | |